000 00560nam a2200181Ia 4500
008 090123s9999 xx 000 0 und d
082 _b39963
100 _aपेडणेकर प्रकाश शाम
245 _aगुलमोहर
250 _a1
260 _bअनघा प्रकाशन
_c2006
300 _a72
600 _aपेडणेकर प्रकाश शाम
630 _aगुलमोहर
700 _aपेडणेकर प्रकाश शाम
730 _aगुलमोहर
942 _cBOOK
999 _c78037
_d78037